| 000 | 00670nam a2200229 i 4500 | ||
|---|---|---|---|
| 001 | bgj | ||
| 100 | 1 |
_aJAMES, Henry _d(1843-1916). |
|
| 245 | 1 | 0 |
_aRoderick Hudson / _cHenry James ; with an introduction by Tony Tanner. |
| 260 |
_aOxford : _bOxford University Press, _c1988. |
||
| 300 |
_aLIII, 389 pp ; _c19 cm. |
||
| 490 | 1 | _aThe World's Classics | |
| 500 | _a1st published in 1980. | ||
| 650 | 9 |
_aAmerican fiction _y1861-1900 |
|
| 700 | 1 |
_aTANNER, Tony. _eed. |
|
| 830 | _aThe World's Classics | ||
| 020 | _a0192815474 (pbk) | ||
| 040 | _cBPK | ||
| 041 | 0 | _aeng | |
| 920 | _a0-19-281547-4 (pbk) | ||
| 942 | _cKS | ||
| 008 | s uk f |000 0 eng | ||
| 999 |
_c49317 _d49317 |
||